Statistics for Musical Acts by Songs with Space-Related Titles

Click here to take the quiz!

General Stats

  • This quiz has been taken 19 times
  • The average score is 8 of 15

Answer Stats

Song Year Artist % Correct
Rocket Man1972Elton John
100%
House Of The Rising Sun1964The Animals
83%
Space Oddity1969David Bowie
83%
Fly Me To The Moon1964Frank Sinatra
78%
Here Comes The Sun1969The Beatles
78%
Bad Moon Rising1969Creedence Clearwater Revival
72%
All Star1999Smash Mouth
67%
Man On The Moon1992R.E.M.
56%
Counting Stars2014OneRepublic
44%
Rocket1987Def Leppard
28%
Starlight2006Muse
28%
Shining Star1975Earth, Wind & Fire
22%
Space Bound2010Eminem
22%
Swinging On A Star1940Bing Crosby
17%
We Are All Made of Stars2002Moby
17%

Score Distribution

Percentile by Number Answered

Percent of People with Each Score

Your Score History

You have not taken this quiz